Equipe ayant affronté le PSG saison 2024/2025 - Statistiques

Statistiques générales
  • Ce quiz a été pris 225 fois
    56 depuis la dernière actualisation
  • Le résultat moyen est 54 sur 65
Statistiques - réponses
Championnat Score Club % Correct
Ligue 1 3-0 Olympique de Marseille
98%
Ligue 1 3-1 Olympique de Marseille
98%
Ligue 1 3-1 Olympique Lyonnais
96%
Ligue 1 3-2 Olympique Lyonnais
96%
Ligue des Champions 0-2 Arsenal
94%
Ligue des Champions 1-0 Arsenal
94%
Ligue des Champions 2-1 Arsenal
94%
Ligue 1 4-2 AS Monaco
94%
Trophée des Champions 1-0 AS Monaco
94%
Ligue 1 4-1 AS Monaco
94%
Ligue des Champions 1-2 Atlético de Madrid
94%
Coupe du monde des clubs de la FIFA 4-0 Atlético de Madrid
94%
Ligue 1 1-0 RC Lens
94%
Coupe de France 1-1 (Pen:4-3) RC Lens
94%
Ligue 1 2-1 RC Lens
94%
Ligue 1 3-1 Stade Brestois
94%
Ligue 1 5-2 Stade Brestois
94%
Ligue des Champions 3-0 Stade Brestois
94%
Ligue des Champions 7-0 Stade Brestois
94%
Ligue des Champions 0-1 Bayern Munich
91%
Coupe du monde des clubs de la FIFA 2-0 Bayern Munich
91%
Coupe du monde des clubs de la FIFA 0-3 Chelsea
91%
Ligue des Champions 5-0 Inter Milan
91%
Ligue des Champions 0-1 Liverpool
91%
Ligue des Champions 1-0 (Pen: 4-1) Liverpool
91%
Ligue 1 1-1 Nice
91%
Ligue 1 1-3 Nice
91%
Ligue 1 3-1 Stade Rennais
91%
Ligue 1 4-1 Stade Rennais
91%
Ligue des Champions 3-1 Aston Villa
89%
Ligue des Champions 2-3 Aston Villa
89%
Ligue 1 3-1 Lille
89%
Ligue 1 4-1 Lille
89%
Ligue des Champions 4-2 Manchester City
89%
Ligue 1 1-1 Nantes
89%
Ligue 1 1-1 Nantes
89%
Ligue 1 4-2 RC Strasbourg
89%
Ligue 1 1-2 RC Strasbourg
89%
Coupe du monde des clubs de la FIFA 4-0 Real Madrid
89%
Ligue 1 6-0 Montpellier
87%
Ligue 1 4-1 Montpellier
87%
Ligue 1 1-1 Stade de Reims
83%
Ligue 1 1-1 Stade de Reims
83%
Coupe de France 3-0 Stade de Reims
83%
Ligue 1 4-1 Le Havre
81%
Ligue 1 2-1 Le Havre
81%
Ligue 1 3-0 Toulouse
81%
Ligue 1 1-0 Toulouse
81%
Ligue des Champions 1-1 PSV
79%
Ligue des Champions 1-0 Gérone
77%
Coupe du monde des clubs de la FIFA 4-0 Inter Miami
74%
Ligue 1 2-1 Saint-Etienne
74%
Ligue 1 6-1 Saint-Etienne
74%
Ligue 1 0-0 Auxerre
72%
Ligue 1 3-1 Auxerre
72%
Coupe du monde des clubs de la FIFA 0-1 Botafogo
72%
Ligue 1 4-2 Angers
70%
Ligue 1 1-0 Angers
70%
Ligue des Champions 4-1 Stuttgart
66%
Ligue des Champions 3-0 RB Salzbourg
53%
Coupe de France 4-2 USL Dunkerque
51%
Coupe du monde des clubs de la FIFA 2-0 Seattle Sounders
49%
Coupe de France 2-0 Le Mans FC
38%
Coupe de France 7-0 Stade Briochin
36%
Coupe de France 4-2 Espaly-Saint-Marcel
30%
Aucun quiz correspondant
Distribution des résultats
% des personnes avec chaque résultat
Percentile par nombre de réponses
Votre historique - résultats
Vous n’avez pas pris ce quiz depuis la dernière actualisation